<?xml version='1.0' encoding='UTF-8'?>
  <record xmlns="http://www.loc.gov/MARC21/slim">
    <leader>00000cem a2200000Mi 4500</leader>
    <controlfield tag="001">ocn902705453</controlfield>
    <controlfield tag="003">OCoLC</controlfield>
    <controlfield tag="005">20250131024855.5</controlfield>
    <controlfield tag="008">150202s1700    fr        u     0   fre d</controlfield>
    <datafield tag="040" ind1=" " ind2=" ">
      <subfield code="a">NLGGC</subfield>
      <subfield code="b">dut</subfield>
      <subfield code="e">fobidrtb</subfield>
      <subfield code="c">NLGGC</subfield>
      <subfield code="d">QGJ</subfield>
      <subfield code="d">OCLCO</subfield>
      <subfield code="d">QGJ</subfield>
      <subfield code="d">OCLCL</subfield>
      <subfield code="d">OCLCF</subfield>
      <subfield code="d">OCLCO</subfield>
    </datafield>
    <datafield tag="035" ind1=" " ind2=" ">
      <subfield code="a">(OCoLC)902705453</subfield>
    </datafield>
    <datafield tag="084" ind1=" " ind2=" ">
      <subfield code="a">74.25</subfield>
      <subfield code="2">bcl</subfield>
    </datafield>
    <datafield tag="100" ind1="1" ind2=" ">
      <subfield code="a">Delisle, Guillaume,</subfield>
      <subfield code="d">1675-1726</subfield>
      <subfield code="1">https://id.oclc.org/worldcat/entity/E39PCjFvTPFxxrYCdJrRX7q7tq</subfield>
    </datafield>
    <datafield tag="245" ind1="1" ind2="2">
      <subfield code="a">L'Amerique septentrionale /</subfield>
      <subfield code="c">dressée sur les observations de Mrs. de l'Academie Royale des Sciences &amp; quelques autres, &amp; sur les memoires les plus recens ... par G. de l'Isle.</subfield>
    </datafield>
    <datafield tag="246" ind1="3" ind2=" ">
      <subfield code="a">America septentrionalis in suas praecipuas partes divisa, ad usum serenissimi Burgundiae Ducis</subfield>
    </datafield>
    <datafield tag="246" ind1="3" ind2="3">
      <subfield code="a">America septentrionalis in suas præcipuas partes divisa, ad usum serenissimi Burgundiæ Ducis</subfield>
    </datafield>
    <datafield tag="255" ind1=" " ind2=" ">
      <subfield code="a">Schaal [1:16.000.000].</subfield>
    </datafield>
    <datafield tag="260" ind1=" " ind2=" ">
      <subfield code="a">A Amsterdam :</subfield>
      <subfield code="b">chez Pierre Mortier,</subfield>
      <subfield code="c">[ca. 1700]</subfield>
    </datafield>
    <datafield tag="300" ind1=" " ind2=" ">
      <subfield code="a">1 krt. :</subfield>
      <subfield code="b">kopergrav., in kleur. ;</subfield>
      <subfield code="c">45 x 58 cm.</subfield>
    </datafield>
    <datafield tag="336" ind1=" " ind2=" ">
      <subfield code="a">cartografische afbeelding</subfield>
      <subfield code="b">cri</subfield>
      <subfield code="2">rdacontent/dut</subfield>
    </datafield>
    <datafield tag="337" ind1=" " ind2=" ">
      <subfield code="a">zonder medium</subfield>
      <subfield code="b">n</subfield>
      <subfield code="2">rdamedia/dut</subfield>
    </datafield>
    <datafield tag="338" ind1=" " ind2=" ">
      <subfield code="a">vel</subfield>
      <subfield code="b">nb</subfield>
      <subfield code="2">rdacarrier/dut</subfield>
    </datafield>
    <datafield tag="500" ind1=" " ind2=" ">
      <subfield code="a">Avec privilege.</subfield>
    </datafield>
    <datafield tag="500" ind1=" " ind2=" ">
      <subfield code="a">Titel boven de kaart: America septentrionalis in suas præcipuas partes divisa, ad usum serenissimi Burgundiæ Ducis.</subfield>
    </datafield>
    <datafield tag="500" ind1=" " ind2=" ">
      <subfield code="a">Met 8 schaalstokken.</subfield>
    </datafield>
    <datafield tag="651" ind1=" " ind2="0">
      <subfield code="a">North America</subfield>
      <subfield code="v">Maps.</subfield>
    </datafield>
    <datafield tag="651" ind1=" " ind2="7">
      <subfield code="a">North America</subfield>
      <subfield code="2">fast</subfield>
      <subfield code="1">https://id.oclc.org/worldcat/entity/E39PBJxRHKPqWyj6g89H9PwHmd</subfield>
    </datafield>
    <datafield tag="651" ind1=" " ind2="7">
      <subfield code="a">Noord-Amerika.</subfield>
      <subfield code="0">(NL-LeOCL)078605679.</subfield>
      <subfield code="2">gtt</subfield>
    </datafield>
    <datafield tag="655" ind1=" " ind2="7">
      <subfield code="a">Maps</subfield>
      <subfield code="2">fast</subfield>
    </datafield>
    <datafield tag="655" ind1=" " ind2="7">
      <subfield code="a">Kaarten (vorm)</subfield>
      <subfield code="0">(NL-LeOCL)088143554.</subfield>
      <subfield code="2">gtt</subfield>
    </datafield>
    <datafield tag="700" ind1="1" ind2=" ">
      <subfield code="a">Mortier, Pieter,</subfield>
      <subfield code="d">1661-1711.</subfield>
    </datafield>
  </record>